02015nam a2200313Ia 450000500170000000800410001704000530005804100080011104100080011924500570012726000620018430000390024650005410028550802130082651101320103954600960117165000560126765000200132365000310134365000170137465000300139165000140142170000420143571000220147776500230149983000270152285600630154985600890161220140410171923.0130821s2001 xxu g q lmul d aCO-BoUCMbspacOscar Anaya (modificó)d[Nuevo] aeng aspa00aNaranja mecánicacStanley Kubrick, directorh[DVD] aWashington D.C. (Estados Unidos)bWarner Bross Inc.c2001 a1 DVD, 137 minutosbsonido, imagen aSINOPSIS : Gran Bretaña, en un futuro indeterminado. Alex (Malcolm McDowell) es un joven hiperagresivo con dos pasiones: la ultraviolencia y Beethoven. Al frente de su banda, los drugos, los jóvenes descargan sus instintos más violentos pegando, violando y aterrorizando a la población. Cuando esa escalada de terror llega hasta el crimen, Alex es detenido y, en prisión, se someterá voluntariamente a una innovadora experiencia de reeducación que pretende anular drásticamente cualquier atisbo de conducta antisocial... aCRÉDITOS: Director, Stanley Kubrick; guion, Stanley Kubrick (Novela: Anthony Burgess); música, Ludwig van Beethoven, Gioacchino Rossini, Edward Elgar, Erika Eigen, Terry Tucker; fotografía, John Alcott0 aREPARTO: Malcolm McDowell, Patrick Magee, Michael Bates, Warren Clarke, John Clive, Adrienne Corry, Carl Duering y James Marcus aAudio en Inglés y Francés. Subtítulos en Inglés, Francés, Portugués y Español04aPelículas cinematográficaszEstados UnidosvDVD04aEntretenimiento04aPsicología criminalvDVD04aPsicología04aViolencia en el cinevDVD04aViolencia1 aKubrick, Stanleyd1928-1999edirector2 aWarner Bross Inc. tA clockwork orange aColección Rommismel. zVer el traileruhttp://www.youtube.com/watch?v=JT1oQmf8hHk04uhttp://www.youtube.com/watch?v=JT1oQmf8hHkzSiga este vínculo para ver el trailer.